Quizzes
Events
Quiz Creation
Community
Videos
Private Events
Remove Ads
Sign In
Join for FREE
Feedback
Dark Mode
Quiz Categories
Sports
Geography
Music
Movies
Television
Just For Fun
Miscellaneous
History
Literature
Language
Science
Gaming
Entertainment
Religion
Holiday
For Kids
Quiz Lab
Recent
Popular Today
Quiz Kudos Today
Editor Picks
Curator Picks
Quizzes by...
Day
Popularity
Type
Ratings
Length
Year
Community
Subscriptions
Recent Discussions
Orange Saloon
Badges
Playlists
Quests
Create
Leaderboards
Showdown
Live 5
Trivia Bingo
Activity
Puzzle Library
Sporcle Events
Private Events
Virtual Trivia
Globe League
Become a Host
Pub Owners
SporcleCon
Opinionation
Our Games
Videos
Blog
Mobile Apps
Partnerships
Remove Ads and Go Orange
Feedback
Movies
Disney
Marvel Cinematic Universe
Movie Resume
Movie Titles
Oscar
Actor
Actress
Director
Pixar
Role
Movie Quotes
Movie Characters
Box Office
Nominee
Best Picture
Star Wars
James Bond
Horror Movies
Movies
Disney
Marvel Cinematic Universe
Movie Resume
Movie Titles
Oscar
Actor
Actress
Director
Pixar
Role
Movie Quotes
Movie Characters
Box Office
Nominee
Best Picture
Star Wars
James Bond
Horror Movies
Random Quiz
Search Sporcle
×
Quiz Lab
Quiz Lab
Movies
before
Type in answers that appear in a list
Type in answers that appear in a list
Classic
Best Score? Go Orange.
Before and After: Movies Stats
Can you name the before and after movie titles?
By
thunderdan
13m
26 Questions
77 Plays
77 Plays
77 Plays
Comments
Comments
Give Quiz Kudos
Give Quiz Kudos
-
- Ratings
hide this ad
Replay
Link that replays current quiz
Next Quiz
Link to next quiz in quiz playlist
You Got
0%
They Got
Avg Score
46%
Avg Friend Score
Upgrade to see
Score Distribution
Jump to the score distribution portion of the page
Score
0/26
Timer
13:00
0
Plays Today
Hint
Answer
% Correct
1996 drama directed by and starring Billy Bob Thornton
Sling Blade Runner
82.4%
2011 Tom Hanks best picture nominee
Extremely Loud and Incredibly Close Encounters of the Third Kind
76.6%
1999 high school football movie starring James Van Der Beek
Varsity Blues Brothers
72.7%
1980 adventure film with Mark Hamill and Harrison Ford
The Empire Strikes Back to the Future
72.7%
2007 film directed by Ben Affleck and starring his brother
Gone Baby Gone with the Wind
66.2%
1999 mouse adventure with the vocal stylings of Michael J. Fox
Stuart Little Women
66.2%
1999 teen comedy starring Heath Ledger
10 Things I Hate About You Only Live Twice
63.6%
2008 animated Dr. Seuss story with Jim Carrey and Steve Carell
Horton Hears a Who Framed Roger Rabbit
63.2%
1996 southern lawyer Matthew McConaughey defends Samuel L. Jackson
A Time to Kill Bill Vol. 1
62.3%
2007 Coen brothers best picture winner
No Country for Old Men at Work
61%
1956 drama starring Deborah Kerr and Yul Brynner
The King and I Now Pronounce You Chuck and Larry
57.1%
1951 adventure film with Bogart and Hepburn
The African Queen of the Damned
54.5%
1993 biopic starring Daniel Day-
Lewis as an accused IRA bomber
In the Name of the Father of the Bride
54.5%
Hint
Answer
% Correct
2011 Gary Oldman spy thriller
Tinker, Tailor, Soldier, Spy Game
53.2%
1967 drama with Sidney Poitier and Katharine Hepburn
Guess Who's Coming to Dinner For Schmucks
53.2%
1968 Sergio Leone classic starring Henry Fonda
Once Upon a Time in the West Side Story
51.9%
2009 drama starring George Clooney as a frequent flyer
Up in the Air Up There
49.4%
2001 camp comedy with Janeane Garofalo
Wet Hot American Summer of Sam
41.6%
1953 war film staring William Holden and directed by Billy Wilder
Stalag 17 Again
35.1%
2011 Terrence Malick film with dinosaurs and Brad Pitt
The Tree of Life as a House
29.9%
1954 underwater adventure film starring Kirk Douglas
20,000 Leagues Under the Sea of Love
22.1%
1959 Otto Preminger crime classic
Anatomy of a Murder on the Orient Express
19.5%
2008 sci-
fi remake starring Keanu Reeves
The Day the Earth Stood Still of the Night
18.2%
1986 adventure comedy with Kurt Russell
Big Trouble in Little China Moon
14.3%
1978 Malick-
directed drama starring Richard Gere
Days of Heaven Can Wait
14.3%
1990 animated musical with Ed Asner and Carol Channing
Happily Ever After Hours
10.4%
Quiz Playlist
Details
Report
Send in Message
Add To Playlist
Classic:
Type in answers that appear in a list
Last Updated: Feb 16, 2017
Quiz Scoreboard
CHALLENGE
Sign Up to Join the Scoreboard
Show All
Scores
Hide
Comments
May contain spoilers
Recently Published
Presidents Visiting Landmarks
by Hejman
History
7m
An Introduction to Baseball
by treessimontrees
Sports
5m
Movies - When Are They Set?
by FPL_Elf
Movies
5m
More to Explore
Quiz From the Vault
Featured Blog Post
Where Did the Easter Bunny Come From?
hide this ad
You Might Also Like...
Tags
After Movie
before
Today's Top Quizzes in Movies
Browse Movies
hide this ad
Today's Top Quizzes in before
Browse before
Top Contributed Quizzes in Movies
1
Pick 5 Posters: Directed by Spielberg
2
7-to-1: Pixar Characters
3
Pick 5 Posters: Lowest-Rated Spielberg
4
Pick 5 Posters: Directed by Scorsese
5
Pick 5 Posters: Star & Director
6
Sorting Actors
7
Sorting Actresses
8
12 Movies about Fictional 1960s Events
9
Multi-Oscar Nominations, One Movie, One Winner
10
Pick 5 Posters: Women Directed 2020s
Explore More
Trending Topics
Kpop
Disney
Anime
Marvel
Harry Potter
NBA
Crossword
WWE
Pokémon
The Office
NFL
Puzzle
Country
Soccer
Song
hide this ad
More By:
thunderdan
Quiz
Plays
Rating
Category
Featured
Created
Fictional Sports Teams
57,343
3.97
Sports
Jan 20, 2011
Single Letters in Movie Titles
42,574
3.23
Movies
Dec 29, 2010
Before and After: Literature and Film
30,534
3.72
Literature
Dec 23, 2010
First Three Films (Directors)
17,982
4.41
Movies
Jan 18, 2012
Missing Word: Sports Teams at the Movies
17,884
4.45
Just For Fun
Dec 24, 2012
Go to Creator's Profile
Score Distribution
Quiz Creator Spotlight
thunderdan
Follow
Send a Message
Quizzes Created
-
Created Quiz Play Count
-
More By This Creator
Popular Quizzes Today
1
Find the US States - No Outlines Minefield
2
Find the Countries of Europe - No Outlines Minefield
3
The Countries of the World
4
Find the US States
5
Popular People in 1961
6
US States
7
Risky Map Clicking: Biggest States A-Z
8
1-10 Letter E Words III
More Movies Quizzes
Oscar Nominees: 1973
Quiz Lab
Trending Quizzes
Risky Map Clicking: Least Populous States A-Z
1-10 Letter G Words
1-10 Letter F Words
Risky Map Clicking: Next State Alphabetically
Risky Map Clicking: Biggest States A-Z
Recently Updated
Leaping Animals
pecheneg
Reality TV Shows (A-Z)
bhenderson79
Rickey Henderson's Hall of Fame Teammates
pecheneg
Champions League XIs: Arsenal
pecheneg
Quick Pick: Celebrities in WWE's Hall of Fame
aduchscher
A-Z Keypad Blitz II
pecheneg
Multiple Oscar Actors
pecheneg
Mystery Phrase Blitz: Oscar 'Best Actors'
pecheneg
F. Scott Fitzgerald Novels
LTH
Pick 3 Villains
ddd62291
Trending Topics
NBA
Crossword
Anime
Marvel
Disney
Kpop
Harry Potter
The Office
Song
NFL
WWE
Puzzle
Pokémon
Soccer
Country
Your Account Isn't Verified!
In order to create a playlist on Sporcle, you need to verify the email address you used during registration. Go to your
Sporcle Settings
to finish the process.
Report this User
Report this user for behavior that violates our
Community Guidelines
.
Details:
Send Report
Go to the Sporcle.com Mobile Site →
Comments